000 00205nam a2200109Ia 4500
100 _a#N/A
942 _cBK
654 _avisual
245 _aVisual Web Developer 2005
260 _b#N/A
546 _aENGLISH
999 _c33958
_d33958